| 000 | 00483nam a2200193Ia 4500 | ||
|---|---|---|---|
| 008 | 170705s9999 xx 000 0 und d | ||
| 020 | _a590457128 | ||
| 245 | _aAdventures of the shark lady : | ||
| 245 | _bEugenie Clark around the world / | ||
| 245 | _cAnn McGovern. | ||
| 260 | _aNew York : | ||
| 260 | _bScholastic, | ||
| 260 | _c1998 | ||
| 300 | _a79 pages : | ||
| 300 | _bcolor illustration ; | ||
| 300 | _c19cm. | ||
| 440 | _aScholastic biography. | ||
| 500 | _a890 | ||
| 999 |
_c336423 _d336423 |
||